| 000 | 00497nam a22001817a 4500 | ||
|---|---|---|---|
| 003 | CEME | ||
| 005 | 20210628202201.0 | ||
| 008 | 210226b xxu||||| |||| 00| 0 eng d | ||
| 020 | _a981-235-203-1 | ||
| 040 | _c. | ||
| 082 | _a620.0042 STE | ||
| 100 |
_aStensel, Peter Tung, Andrew Seng, Soh Beng _958638 |
||
| 245 | _aKeeping up with design technology, for upper secondary | ||
| 260 |
_aSINGAPORE _bLONGMAN _c2000 |
||
| 300 | _a495P | ||
| 650 |
_aDESIGN TECHNOLOGY _958639 |
||
| 942 |
_cBK _2ddc |
||
| 999 |
_c568792 _d568792 |
||